书目信息 |
| 题名: |
蒙古社会制度史
|
|
| 作者: | 符拉基米尔佐夫 , Владимирцов 著 ;刘荣焌 译 | |
| 分册: | ||
| 出版信息: | 北京 中国社会科学出版社 1980 |
|
| 页数: | 438页 | |
| 开本: | 21cm | |
| 丛书名: | ||
| 单 册: | ||
| 中图分类: | D731.19 , D5 | |
| 科图分类: | ||
| 主题词: | 社会制度--历史--蒙古 , 国际政治 | |
| 电子资源: | ||
| ISBN: | ||
| 000 | 01057nam0 2200289 450 | |
| 001 | 1538317336 | |
| 005 | 20150124103907.65 | |
| 010 | @dCNY1.55 | |
| 091 | @a3190.005 | |
| 100 | @a19950817d1980 em y0chiy50 ea | |
| 101 | 1 | @achi@crus |
| 102 | @aCN@b110000 | |
| 105 | @ay z 000yy | |
| 200 | 1 | @a蒙古社会制度史@9meng gu she hui zhi du shi@f(苏)符拉基米尔佐夫(Б.Я.Владимирцов)著@g刘荣焌译 |
| 210 | @a北京@c中国社会科学出版社@d1980 | |
| 215 | @a438页@d21cm | |
| 300 | @a书名原文:Общественный строй Монголов·Монольский кочевой феодализм | |
| 510 | 1 | @aОбщественный строй Монголов·Монольский кочевой феодализм@zrus |
| 606 | 0 | @a社会制度@x历史@y蒙古 |
| 606 | 0 | @a国际政治 |
| 690 | @aD731.19@v5 | |
| 690 | @aD5@v4 | |
| 701 | 1 | @a符拉基米尔佐夫@9fu la ji mi er zuo fu@bБ.Я.@4著 |
| 701 | 1 | @aВладимирцов@bБ.Я.@4著 |
| 702 | 0 | @a刘荣焌@9liu rong jun@4译 |
| 801 | 0 | @aCN@bTSSF@c20150124 |
| 905 | @aZUCC@dD5@eJY7 | |
| 蒙古社会制度史/(苏)符拉基米尔佐夫(Б.Я.Владимирцов)著/刘荣焌译.-北京:中国社会科学出版社,1980 |
| 438页;21cm |
| 书名原文:Общественный строй Монголов·Монольский кочевой феодализм |
| ISBN :CNY1.55 |
| ● |
| 相关链接 |
|
|
|
|
正题名:蒙古社会制度史
索取号:D5/JY7
 
预约/预借
| 序号 | 登录号 | 条形码 | 馆藏地/架位号 | 状态 | 备注 |
| 1 | 7843584 | 278435846 | 学院路分馆/ [索取号:D5/JY7] | 在馆 | |
| 2 | 7843585 | 278435855 | 学院路分馆/ [索取号:D5/JY7] | 在馆 |